RURAL ROADS IN SUB-SAHARAN AFRICA: (Record no. 3221)

000 -LEADER
fixed length control field 00366nam a22001097a 4500
008 - FIXED-LENGTH DATA ELEMENTS--GENERAL INFORMATION
fixed length control field 150923b xxu||||| |||| 00| 0 eng d
020 ## - INTERNATIONAL STANDARD BOOK NUMBER
International Standard Book Number 0821318691.
082 ## -
Classification number 338.0967 RIV
100 ## - MAIN ENTRY--PERSONAL NAME
Personal name RIVERSON JOHN,
Numeration JUAN GAVIRIA,SYDNEY THRISCUTT
245 ## - TITLE STATEMENT
Title RURAL ROADS IN SUB-SAHARAN AFRICA:
Remainder of title LESSONS FROM WORLD BANK EXPERINCE
260 ## - PUBLICATION, DISTRIBUTION, ETC. (IMPRINT)
Place of publication, distribution, etc. WASHINGTON,D.C:
Name of publisher, distributor, etc. THE WORLD BANK
Date of publication, distribution, etc. 1991.

No items available.

IRDP © 2019 :: Managed by IRDP ICT Unit